000 02229nam a2200385Ia 4500
001 ebr10464665
003 CaPaEBR
006 m u
007 cr cn|||||||||
008 110519s2011 pauac sb 101 0 eng d
020 _z9781118029381
020 _z9781118062067
040 _aCaPaEBR
_cCaPaEBR
035 _a(OCoLC)732956046
050 1 4 _aTK7872.S8
_bI57 2011eb
111 2 _aInternational Symposium on High-Temperature Metallurgical Processing
_n(2nd :
_d2011 :
_cSan Diego, Calif.)
245 1 0 _a2nd International Symposium on High-Temperature Metallurgical Processing
_h[electronic resource] :
_bproceedings of a symposium /
_csponsored by the Pyrometallurgy Committee of the Extraction and Processing Division and the Energy Committee of the Extraction and Processing Division and the Light Metals Division of TMS (The Minerals, Metals & Materials Society) ; edited by Jiann-Yang Hwang ... [et al.].
246 3 0 _aHigh-Temperature Metallurgical Processing
260 _aWarrendale, Pa. :
_bMinerals, Metals and Materials Society ;
_aHoboken, N.J. :
_bWiley,
_cc2011.
300 _axvi, 417 p. :
_bill., ports.
500 _aSymposium "held during the TMS 2011 Annual Meeting & Exhibition, San Diego, California, U.S.A., February 27-March 3, 2011."
504 _aIncludes bibliographical references and indexes.
533 _aElectronic reproduction.
_bPalo Alto, Calif. :
_cebrary,
_d2013.
_nAvailable via World Wide Web.
_nAccess may be limited to ebrary affiliated libraries.
650 0 _aMaterials at high temperatures
_vCongresses.
650 0 _aHigh temperature superconductors.
650 0 _aSuperconductors
_vCongresses.
655 7 _aElectronic books.
_2local
700 1 _aHwang, Jiann-Yang.
710 2 _aMinerals, Metals and Materials Society.
_bPyrometallurgical Committee.
710 2 _aMinerals, Metals and Materials Society.
_bEnergy Committee.
710 2 _aMinerals, Metals and Materials Society.
_bLight Metals Division.
710 2 _aMinerals, Metals and Materials Society.
_bMeeting
_d(2011 :
_cSan Diego, Calif.)
710 2 _aebrary, Inc.
856 4 0 _uhttp://site.ebrary.com/lib/rucke/Doc?id=10464665
_zAn electronic book accessible through the World Wide Web; click to view
999 _c230849
_d230849